000
00326nam a22001337a 4500
008
181107b xxu||||| |||| 00| 0 eng d
020
_a
9780195167078
041
_a
eng
080
_a
070
100
_a
29
101
_a
MED
245
_a
Interplay The Process Of Interpersonal Communication
_c
Adler.R.B
942
_2
udc
_c
BK
999
_c
52115
_d
52115